[Event "Aust Junior Open "]
[Site "Perth "]
[Date "2004.01.15"]
[Round "2.8"]
[White "Vijaykumar, Rukman"]
[Black "Wongwitchit, Phachara"]
[Result "0-1"]
[WhiteElo "1577"]
[BlackElo "1773"]
[PlyCount "78"]
[EventDate "2004.01.14"]
[EventType "swiss"]
[EventRounds "11"]
[EventCountry "AUS"]

1. e4 c5 2. Nf3 Nc6 3. Bb5 g6 4. O-O Bg7 5. Re1 Nf6 6. e5 Nd5 7. Nc3 Nxc3 8.
dxc3 O-O 9. Bf4 Qb6 10. Bxc6 dxc6 11. Rb1 Bg4 12. h3 Rad8 13. Qe2 Be6 14. b3
Rd7 15. Ng5 Bf5 16. g4 Be6 17. Nxe6 fxe6 18. Bg3 Bh6 19. Rbd1 Rd5 20. c4 Rd4
21. c3 Rdd8 22. Rxd8 Rxd8 23. Rd1 Kf7 24. Rd3 Qa5 25. b4 cxb4 26. cxb4 Qb6 27.
a3 a5 28. c5 Qc7 29. Qd1 Rd5 30. Rxd5 cxd5 31. Qxd5 exd5 32. e6+ Kxe6 33. Bxc7
a4 34. f4 Bg7 35. b5 Bd4+ 36. Kg2 Bxc5 37. Be5 Bxa3 38. Kf3 Bc5 39. Ke2 Bd6 0-1

[Event "Aust Junior Open "]
[Site "Perth "]
[Date "2004.01.15"]
[Round "2.9"]
[White "Lattimore, Tor"]
[Black "Vishwanath, Ganesh"]
[Result "1-0"]
[WhiteElo "1765"]
[BlackElo "1551"]
[PlyCount "55"]
[EventDate "2004.01.14"]
[EventType "swiss"]
[EventRounds "11"]
[EventCountry "AUS"]

1. e4 c5 2. Nf3 d6 3. c3 Nf6 4. Be2 Nc6 5. d4 Bd7 6. Nbd2 Qc7 7. O-O g5 8. d5
Ne5 9. Nxg5 Bh6 10. f4 Nfg4 11. Bxg4 Bxg4 12. Qe1 Bxg5 13. fxg5 Nd3 14. Qe3 c4
15. b3 b5 16. a4 Nc5 17. axb5 Nxb3 18. Nxb3 cxb3 19. b6 Qb7 20. Rxa7 Rxa7 21.
bxa7 O-O 22. Bb2 Bd7 23. c4 Qa6 24. Qd4 f6 25. gxf6 Rxf6 26. Rxf6 exf6 27. Qxf6
Qxa7+ 28. Bd4 1-0

[Event "Aust Junior Open "]
[Site "Perth "]
[Date "2004.01.15"]
[Round "2.10"]
[White "Yu, Michael"]
[Black "Neeman, Jeremy"]
[Result "1/2-1/2"]
[WhiteElo "1736"]
[BlackElo "1548"]
[PlyCount "111"]
[EventDate "2004.01.14"]
[EventType "swiss"]
[EventRounds "11"]
[EventCountry "AUS"]

1. e4 c5 2. Nf3 d6 3. d4 cxd4 4. Nxd4 Nf6 5. Nc3 g6 6. Be3 Bg7 7. f3 O-O 8. Qd2
Nc6 9. Bc4 Bd7 10. O-O Rc8 11. Bb3 Qa5 12. Qf2 Rfd8 13. Nxc6 bxc6 14. Ne2 Be6
15. Nf4 d5 16. Nxe6 fxe6 17. e5 Nd7 18. f4 c5 19. c3 Rf8 20. Qh4 Rf7 21. Qh3
Qb6 22. Rab1 Qc6 23. Bd1 d4 24. cxd4 Qe4 25. Rc1 Rb8 26. Bb3 cxd4 27. Bf2 Nf8
28. g3 g5 29. Rce1 Qf5 30. Qxf5 Rxf5 31. Bxd4 gxf4 32. Rxf4 Rxf4 33. gxf4 Rb4
34. Bxa7 Rxf4 35. Bb8 Kf7 36. Rf1 Rxf1+ 37. Kxf1 Nd7 38. Bc7 Nxe5 39. Bc2 Nc4
40. Bxh7 Bxb2 41. a4 Ne3+ 42. Ke2 Nd5 43. Bd8 Nc3+ 44. Kd3 Nxa4 45. Kc4 Bf6 46.
Ba5 Nb2+ 47. Kb3 Nd1 48. Bd2 Nf2 49. Kc2 Nh3 50. Be4 Be5 51. Bg2 Nf4 52. Bf1
Nd5 53. h3 Bf4 54. Be2 e5 55. Be1 e4 56. Bf2 1/2-1/2

[Event "Aust Junior Open "]
[Site "Perth "]
[Date "2004.01.15"]
[Round "2.11"]
[White "Ikeda, Junta"]
[Black "Obst, James"]
[Result "0-1"]
[WhiteElo "1705"]
[BlackElo "1539"]
[PlyCount "74"]
[EventDate "2004.01.14"]
[EventType "swiss"]
[EventRounds "11"]
[EventCountry "AUS"]

1. e4 c5 2. Nf3 d6 3. c3 Nf6 4. Be2 Nc6 5. d4 e6 6. d5 Ne5 7. O-O Be7 8. Re1
O-O 9. Nxe5 dxe5 10. Bf3 b5 11. Qb3 Qa5 12. Na3 a6 13. Qc2 Rd8 14. Bg5 c4 15.
Nb1 Qb6 16. b3 cxb3 17. axb3 Bb7 18. dxe6 Qxe6 19. h3 Rac8 20. Nd2 Bc5 21. Rad1
b4 22. Nc4 bxc3 23. Bxf6 Qxf6 24. Qxc3 Bd4 25. Qb4 Bc6 26. Qa5 Bb5 27. Rc1 Qh4
28. Re2 h5 29. Rec2 Rc5 30. Qe1 g5 31. Qe2 Bc6 32. Ne3 Rxc2 33. Nxc2 Bb5 34.
Qe1 g4 35. hxg4 hxg4 36. Be2 g3 37. Bxb5 gxf2+ 0-1

[Event "Aust Junior Open "]
[Site "Perth "]
[Date "2004.01.15"]
[Round "2.12"]
[White "Guo Yuthok, Sherab"]
[Black "Stojic, Svetozar"]
[Result "1/2-1/2"]
[WhiteElo "1482"]
[BlackElo "1700"]
[PlyCount "120"]
[EventDate "2004.01.14"]
[EventType "swiss"]
[EventRounds "11"]
[EventCountry "AUS"]

1. e4 c5 2. Nf3 d6 3. d4 cxd4 4. Nxd4 Nf6 5. Nc3 g6 6. Be3 Bg7 7. f3 O-O 8. Qd2
Nc6 9. Bc4 Bd7 10. O-O-O Rc8 11. Bb3 Ne5 12. Kb1 Nc4 13. Bxc4 Rxc4 14. g4 Re8
15. h4 h5 16. gxh5 Nxh5 17. Nde2 Qa5 18. Bd4 b5 19. Bxg7 Kxg7 20. b3 Rc6 21.
Nd5 Qxd2 22. Rxd2 Kf8 23. Rhd1 Rec8 24. e5 Bf5 25. Nd4 dxe5 26. Nxc6 Rxc6 27.
Ne3 Be6 28. Rd8+ Kg7 29. Kb2 Nf4 30. R1d2 f5 31. Rb8 a6 32. c4 bxc4 33. Nxc4
Bxc4 34. bxc4 Rxc4 35. Rb6 e4 36. fxe4 Rxe4 37. Rxa6 Ne2 38. Rc6 f4 39. Rd3 Nd4
40. Rc4 e5 41. a4 f3 42. Rxf3 Re2+ 43. Ka3 Nxf3 44. a5 Rd2 45. a6 Rd8 46. Ka4
Re8 47. a7 Kf6 48. Ka5 Ra8 49. Kb6 Kf5 50. Kb7 Rxa7+ 51. Kxa7 e4 52. Rc5+ Kf4
53. h5 gxh5 54. Rxh5 e3 55. Rh1 e2 56. Ra1 Ke3 57. Ra3+ Kd4 58. Ra4+ Kd3 59.
Ra3+ Kc4 60. Re3 e1=Q 1/2-1/2

[Event "Aust Junior Open "]
[Site "Perth "]
[Date "2004.01.15"]
[Round "2.14"]
[White "Wallis, Christopher"]
[Black "Wang, Zhengbo"]
[Result "0-1"]
[WhiteElo "1430"]
[BlackElo "1684"]
[PlyCount "56"]
[EventDate "2004.01.14"]
[EventType "swiss"]
[EventRounds "11"]
[EventCountry "AUS"]

1. e4 e5 2. Nf3 Nc6 3. Bb5 a6 4. Bxc6 dxc6 5. Nc3 Bg4 6. h3 Bh5 7. g4 Bg6 8.
Nxe5 Qd4 9. Nf3 Qb4 10. a3 Qe7 11. d3 O-O-O 12. Be3 h5 13. g5 f5 14. Nh4 Qf7
15. exf5 Bxf5 16. Qf3 Ne7 17. O-O-O g6 18. d4 Bg7 19. Kb1 Rhf8 20. Qe2 Qe6 21.
Ng2 c5 22. Nf4 Qf7 23. d5 Bxc3 24. Bxc5 Rfe8 25. Qc4 Be5 26. Ne6 Rxd5 27. Bxe7
Rxd1+ 28. Rxd1 Bxe6 0-1

[Event "Aust Junior Open "]
[Site "Perth "]
[Date "2004.01.15"]
[Round "2.16"]
[White "Guzel, Adam"]
[Black "Oliver, Gareth"]
[Result "0-1"]
[WhiteElo "1346"]
[BlackElo "1844"]
[PlyCount "62"]
[EventDate "2004.01.14"]
[EventType "swiss"]
[EventRounds "11"]
[EventCountry "AUS"]

1. d4 Nf6 2. Nf3 g6 3. Bf4 Bg7 4. e3 O-O 5. Bd3 d6 6. h3 Nbd7 7. O-O Qe8 8. e4
c5 9. e5 Nd5 10. Bh2 cxd4 11. exd6 e6 12. Bc4 Qd8 13. Bxd5 exd5 14. c3 Qb6 15.
Qb3 Nc5 16. Qa3 d3 17. Nbd2 Re8 18. Rfe1 Ne4 19. Nxe4 dxe4 20. Qa4 Qc6 21. Qxc6
bxc6 22. Nd4 Bxd4 23. cxd4 Bd7 24. Red1 Rab8 25. b3 Rb4 26. d5 cxd5 27. Rac1 d4
28. f3 e3 29. Rxd3 Bb5 30. Rdd1 e2 31. Rd2 e1=Q+ 0-1

[Event "Aust Junior Open "]
[Site "Perth "]
[Date "2004.01.15"]
[Round "2.17"]
[White "Sreetharan, Kishore"]
[Black "Kimura, Toshi"]
[Result "1/2-1/2"]
[WhiteElo "1509"]
[BlackElo "1723"]
[PlyCount "77"]
[EventDate "2004.01.14"]
[EventType "swiss"]
[EventRounds "11"]
[EventCountry "AUS"]

1. e4 c5 2. Nf3 Nc6 3. d4 cxd4 4. Nxd4 Nf6 5. Nc3 e5 6. Ndb5 d6 7. Nd5 Nxd5 8.
exd5 Nb8 9. c4 a6 10. Nc3 Be7 11. Be2 O-O 12. O-O f5 13. f4 Nd7 14. Kh1 Bf6 15.
Qc2 g6 16. Be3 exf4 17. Bxf4 Ne5 18. Rac1 Rf7 19. b4 Rc7 20. Qb3 b6 21. b5 a5
22. Na4 Re7 23. Be3 Rb8 24. g4 Re8 25. Bd1 fxg4 26. Bxb6 Rxb6 27. Nxb6 Bf5 28.
Bc2 Qxb6 29. Bxf5 gxf5 30. Rxf5 Bg7 31. Re1 Rc8 32. Rff1 Nf3 33. Re7 Qd8 34.
Qe3 Be5 35. Re6 Rxc4 36. Rh6 Qg5 37. Qxg5+ Nxg5 38. Rb1 Rc7 39. Rh4 1/2-1/2

[Event "Aust Junior Open "]
[Site "Perth "]
[Date "2004.01.15"]
[Round "2.18"]
[White "Maguire, Jesse"]
[Black "Xie, Ken"]
[Result "0-1"]
[WhiteElo "1321"]
[BlackElo "1802"]
[PlyCount "40"]
[EventDate "2004.01.14"]
[EventType "swiss"]
[EventRounds "11"]
[EventCountry "AUS"]

1. e4 c5 2. c3 Nf6 3. e5 Nd5 4. d4 cxd4 5. cxd4 Nc6 6. Nf3 d6 7. Bc4 Nb6 8. Bb3
Bf5 9. Bd2 e6 10. Na3 d5 11. O-O Be7 12. Nb5 O-O 13. Qc1 Bd3 14. Nc3 Bxf1 15.
Kxf1 f6 16. Ba4 fxe5 17. dxe5 Nc4 18. Bg5 N6xe5 19. Bxe7 Qxe7 20. Ng5 h6 0-1

[Event "Aust Junior Open "]
[Site "Perth "]
[Date "2004.01.15"]
[Round "2.19"]
[White "Humphries, Ryan"]
[Black "Cronan, James"]
[Result "0-1"]
[WhiteElo "1238"]
[BlackElo "1760"]
[PlyCount "60"]
[EventDate "2004.01.14"]
[EventType "swiss"]
[EventRounds "11"]
[EventCountry "AUS"]

1. e4 c6 2. d4 d5 3. Nc3 dxe4 4. Nxe4 Nf6 5. Nxf6+ gxf6 6. Nf3 Bg4 7. c3 e6 8.
g3 Bd6 9. Bg2 Qc7 10. Qc2 Nd7 11. Be3 O-O-O 12. O-O h5 13. h4 f5 14. Qd2 Nb6
15. Bg5 Rd7 16. b3 Rf8 17. c4 f6 18. Bh6 Rg8 19. c5 Bxc5 20. dxc5 Rxd2 21. cxb6
Qxb6 22. Nxd2 Be2 23. Rfe1 Qd4 24. Be3 Qd3 25. Nc4 e5 26. Bxa7 f4 27. Kh1 fxg3
28. fxg3 Rxg3 29. Bf2 Rg8 30. Rg1 Bf3 {...} 0-1

[Event "Aust Junior Open "]
[Site "Perth "]
[Date "2004.01.15"]
[Round "2.20"]
[White "Martin, Richard"]
[Black "van Heerden, Daniel"]
[Result "1/2-1/2"]
[WhiteElo "1237"]
[BlackElo "1532"]
[PlyCount "65"]
[EventDate "2004.01.14"]
[EventType "swiss"]
[EventRounds "11"]
[EventCountry "AUS"]

1. e4 d5 2. exd5 Qxd5 3. Nc3 Qa5 4. d4 Nf6 5. Nf3 c6 6. Bd2 Bg4 7. h3 Bh5 8. g4
Bg6 9. Ne5 Nbd7 10. Nxg6 hxg6 11. Bg2 Qc7 12. Qe2 O-O-O 13. O-O-O Nb6 14. Bg5
Nfd5 15. Nxd5 Nxd5 16. Bxd5 Rxd5 17. Be3 e6 18. Kb1 Bd6 19. c4 Ra5 20. Bd2 Ra6
21. c5 Bf4 22. Bxf4 Qxf4 23. Qe5 Qf6 24. Qxf6 gxf6 25. Rd3 b6 26. b4 Rd8 27.
Rhd1 Ra4 28. a3 a5 29. bxa5 Rxa5 30. cxb6 Rb5+ 31. Kc2 Rxb6 32. Rb3 Rxb3 33.
Kxb3 1/2-1/2

[Event "Aust Junior Open "]
[Site "Perth "]
[Date "2004.01.15"]
[Round "2.21"]
[White "Holland, Denis"]
[Black "Vinciguerra, Andrew"]
[Result "1-0"]
[WhiteElo "1531"]
[BlackElo "1176"]
[PlyCount "60"]
[EventDate "2004.01.14"]
[EventType "swiss"]
[EventRounds "11"]
[EventCountry "AUS"]

1. e4 e5 2. Nc3 Nc6 3. Bc4 Nf6 4. d3 Na5 5. Nge2 Nxc4 6. dxc4 b6 7. Qd3 Bb7 8.
O-O Be7 9. h3 O-O 10. f4 d6 11. Be3 Qd7 12. Rad1 Rad8 13. Rd2 Qc6 14. Nd5 Nxd5
15. cxd5 Qd7 16. f5 Qc8 17. g4 f6 18. c4 Rd7 19. b4 Rfd8 20. b5 a5 21. h4 h6
22. Nc3 Rf8 23. Rg2 g5 24. fxg6 Kg7 25. h5 Rh8 26. Ne2 Qf8 27. Ng3 Bd8 28. Nf5+
Kg8 29. Qd2 Bc8 30. Bxh6 Qe8 {...} 1-0

[Event "Aust Junior Open "]
[Site "Perth "]
[Date "2004.01.15"]
[Round "2.22"]
[White "Beltrami, Matthew"]
[Black "van Dijk, Devrim"]
[Result "1-0"]
[WhiteElo "1208"]
[BlackElo "1530"]
[PlyCount "56"]
[EventDate "2004.01.14"]
[EventType "swiss"]
[EventRounds "11"]
[EventCountry "AUS"]

1. e4 e5 2. Nf3 Nc6 3. d4 exd4 4. Nxd4 Nf6 5. Nxc6 bxc6 6. Bd3 Bc5 7. Nd2 d5 8.
O-O O-O 9. Rb1 Re8 10. exd5 cxd5 11. c4 dxc4 12. Bxc4 Bf5 13. Ra1 Ng4 14. Qf3
Qd6 15. Qg3 Qd4 16. Bb5 Red8 17. Nb3 Qd5 18. Be2 Bd6 19. Bf4 Qe6 20. Bf3 Bxf4
21. Qxf4 Rab8 22. Nd4 Rxd4 23. Qxd4 Ne5 24. Rad1 Rf8 25. Rfe1 Nxf3+ 26. gxf3
Qxa2 27. Re6 Bxe6 28. f4 Bh3 {...} 1-0

[Event "Aust Junior Open "]
[Site "Perth "]
[Date "2004.01.15"]
[Round "2.23"]
[White "Donaldson, Thomas"]
[Black "Slack Smith, Blair"]
[Result "1-0"]
[WhiteElo "1520"]
[BlackElo "1096"]
[PlyCount "60"]
[EventDate "2004.01.14"]
[EventType "swiss"]
[EventRounds "11"]
[EventCountry "AUS"]

1. d4 Nf6 2. c4 d6 3. Nc3 g6 4. Bg5 Bg7 5. e4 O-O 6. f4 Nbd7 7. Nf3 b6 8. Bd3
Bb7 9. O-O Ne8 10. Re1 f6 11. Bh4 Qc8 12. Qc2 e5 13. fxe5 dxe5 14. d5 Ba6 15.
b4 Nd6 16. b5 Bb7 17. a4 Nc5 18. Nd2 Qe8 19. Rf1 Bc8 20. Rf2 Rf7 21. Raf1 Qf8
22. h3 Bb7 23. Nb3 Nxb3 24. Qxb3 Rd8 25. Na2 Qe7 26. Nb4 Rdf8 27. Nc6 Bxc6 28.
bxc6 Qd8 29. Qb4 Qa8 30. c5 Ne8 {...} 1-0

[Event "Aust Junior Open "]
[Site "Perth "]
[Date "2004.01.15"]
[Round "2.24"]
[White "Chu, Louis"]
[Black "Tran, Christopher"]
[Result "1-0"]
[WhiteElo "1125"]
[BlackElo "1516"]
[PlyCount "75"]
[EventDate "2004.01.14"]
[EventType "swiss"]
[EventRounds "11"]
[EventCountry "AUS"]

1. e4 d5 2. exd5 Nf6 3. Bc4 Nxd5 4. Qf3 c6 5. Nc3 Nf6 6. h3 Nbd7 7. Bb3 Nc5 8.
d3 Nxb3 9. axb3 Nd5 10. Nxd5 Qxd5 11. Qxd5 cxd5 12. Be3 a6 13. Nf3 Bf5 14. Nh4
Bd7 15. O-O e5 16. f4 e4 17. dxe4 dxe4 18. f5 Be7 19. g3 Bxh4 20. gxh4 f6 21.
c4 Kf7 22. Rad1 Bc6 23. c5 Rad8 24. Rd6 Rxd6 25. cxd6 Rd8 26. Bf4 g6 27. fxg6+
Kxg6 28. Kf2 Bd7 29. Ke3 Bxh3 30. Rg1+ Kf7 31. Rc1 Rc8 32. Kxe4 Rxc1 33. Bxc1
Ke6 34. Bf4 Bg2+ 35. Ke3 a5 36. Kd4 Bd5 37. b4 axb4 38. d7 1-0

[Event "Aust Junior Open "]
[Site "Perth "]
[Date "2004.01.15"]
[Round "2.25"]
[White "McGowan, Daniel"]
[Black "Rozells, Nathan"]
[Result "0-1"]
[WhiteElo "948"]
[BlackElo "1497"]
[PlyCount "52"]
[EventDate "2004.01.14"]
[EventType "swiss"]
[EventRounds "11"]
[EventCountry "AUS"]

1. e4 c5 2. Nf3 d6 3. d4 cxd4 4. Nxd4 Nf6 5. Nc3 a6 6. Bc4 e6 7. Bb3 b5 8. Be3
Bb7 9. f3 Nbd7 10. O-O Nc5 11. Qd2 Nxb3 12. axb3 Be7 13. Nce2 Rc8 14. Rac1 d5
15. e5 Nd7 16. f4 g6 17. g4 Nc5 18. Ng3 h5 19. gxh5 gxh5 20. b4 h4 21. bxc5
hxg3 22. hxg3 Bxc5 23. f5 Qd7 24. fxe6 fxe6 25. Qf2 Qh7 26. Qf6 Qh2# 0-1

[Event "Aust Junior Open "]
[Site "Perth "]
[Date "2004.01.15"]
[Round "2.26"]
[White "Arnold, Matthew"]
[Black "Levin, Joshua"]
[Result "0-1"]
[WhiteElo "883"]
[BlackElo "1464"]
[PlyCount "82"]
[EventDate "2004.01.14"]
[EventType "swiss"]
[EventRounds "11"]
[EventCountry "AUS"]

1. c4 c5 2. Nc3 Nc6 3. e4 g6 4. d3 Bg7 5. Nge2 e6 6. Be3 Nd4 7. Nb5 Nxb5 8.
cxb5 b6 9. d4 cxd4 10. Bxd4 Nf6 11. g3 O-O 12. Bg2 Bb7 13. O-O d5 14. exd5 Bxd5
15. Bxd5 Nxd5 16. Bxg7 Kxg7 17. Nc3 Rc8 18. Nxd5 Qxd5 19. Qxd5 exd5 20. Rac1
Kf6 21. Rfe1 Rfe8 22. Kf1 Rxc1 23. Rxc1 Re7 24. f4 Kf5 25. h3 Rd7 26. Re1 f6
27. Ke2 g5 28. Ke3 Re7+ 29. Kd2 Rxe1 30. Kxe1 gxf4 31. gxf4 Kxf4 32. Ke2 Ke4
33. a4 f5 34. b4 d4 35. a5 f4 36. axb6 axb6 37. h4 f3+ 38. Kd2 d3 39. Ke1 Ke3
40. h5 f2+ 41. Kf1 d2 0-1

[Event "Aust Junior Open "]
[Site "Perth "]
[Date "2004.01.15"]
[Round "2.27"]
[White "Kaspar, Ric"]
[Black "Ung, Josephine"]
[Result "1-0"]
[WhiteElo "1436"]
[BlackElo "332"]
[PlyCount "65"]
[EventDate "2004.01.14"]
[EventType "swiss"]
[EventRounds "11"]
[EventCountry "AUS"]

1. e4 c6 2. d4 d5 3. Nc3 dxe4 4. Nxe4 Bf5 5. Ng3 Bg6 6. h4 h6 7. h5 Bh7 8. Bd3
Bxd3 9. Qxd3 Nf6 10. Nf3 Nbd7 11. Bf4 Qa5+ 12. Bd2 Qc7 13. O-O-O e6 14. c4 Be7
15. Rde1 O-O 16. Nf5 Rfe8 17. Nxe7+ Rxe7 18. Rh4 b6 19. g4 Kf8 20. g5 Ng8 21.
Bf4 Qc8 22. Bd6 Qd8 23. Rf4 Ke8 24. g6 Ngf6 25. gxf7+ Rxf7 26. Rxe6+ Re7 27.
Qg6+ Kf8 28. Ne5 Kg8 29. Rxe7 Qxe7 30. Bxe7 Re8 31. Bxf6 Nxf6 32. Rxf6 Re7 33.
Rxc6 1-0

[Event "Aust Junior Open "]
[Site "Perth "]
[Date "2004.01.15"]
[Round "2.28"]
[White "Scott, Christopher"]
[Black "Haselgrove, Miles"]
[Result "1/2-1/2"]
[WhiteElo "857"]
[BlackElo "1434"]
[PlyCount "59"]
[EventDate "2004.01.14"]
[EventType "swiss"]
[EventRounds "11"]
[EventCountry "AUS"]

1. e4 c5 2. g3 Nc6 3. Bg2 g6 4. Ne2 Bg7 5. O-O e6 6. d3 Nge7 7. f4 d6 8. c3 O-O
9. Be3 b6 10. Nd2 d5 11. e5 Ba6 12. Qc2 Rc8 13. Rfe1 d4 14. Bf2 dxc3 15. Ne4
Bxd3 16. Qxc3 Bxe4 17. Bxe4 Nd5 18. Qb3 Nce7 19. Rad1 Qc7 20. Qf3 Rcd8 21. Nc3
Nxc3 22. Qxc3 Rxd1 23. Rxd1 Rd8 24. Rxd8+ Qxd8 25. Qc4 Qd7 26. b4 cxb4 27. Qxb4
Bf8 28. Qd4 Qxd4 29. Bxd4 Nd5 30. Kf2 1/2-1/2

[Event "Aust Junior Open "]
[Site "Perth "]
[Date "2004.01.15"]
[Round "3.1"]
[White "Wang, Zhengbo"]
[Black "Chow, Sam"]
[Result "0-1"]
[WhiteElo "1684"]
[BlackElo "2130"]
[PlyCount "56"]
[EventDate "2004.01.14"]
[EventType "swiss"]
[EventRounds "11"]
[EventCountry "AUS"]

1. d4 d5 2. Nf3 Nf6 3. Bf4 g6 4. e3 Bg7 5. Bd3 O-O 6. Nbd2 c5 7. c3 Qb6 8. Rb1
Nc6 9. Be5 Nxe5 10. Nxe5 Nd7 11. Nxd7 Bxd7 12. f4 f6 13. Nb3 cxd4 14. exd4 Rae8
15. Nc5 Bc8 16. Qf3 Qd6 17. Bb5 Rd8 18. g4 e5 19. f5 g5 20. Kf2 b6 21. Nb3 e4
22. Qg3 Qf4+ 23. Ke2 a6 24. Qxf4 gxf4 25. Bc6 Rd6 26. Ba8 Bd7 27. Bb7 Bb5+ 28.
c4 Bxc4+ 0-1

[Event "Aust Junior Open "]
[Site "Perth "]
[Date "2004.01.15"]
[Round "3.2"]
[White "Bourmistrov, Denis"]
[Black "Ly, Moulthun"]
[Result "1/2-1/2"]
[WhiteElo "2030"]
[BlackElo "1646"]
[PlyCount "21"]
[EventDate "2004.01.14"]
[EventType "swiss"]
[EventRounds "11"]
[EventCountry "AUS"]

1. d4 Nf6 2. c4 e6 3. Nc3 Bb4 4. Qc2 d5 5. cxd5 exd5 6. Bg5 c5 7. e3 cxd4 8.
exd4 Nc6 9. Bb5 O-O 10. Nge2 h6 11. Be3 1/2-1/2

[Event "Aust Junior Open "]
[Site "Perth "]
[Date "2004.01.15"]
[Round "3.3"]
[White "Jager, Jesse"]
[Black "Suttor, Vincent"]
[Result "1/2-1/2"]
[WhiteElo "1598"]
[BlackElo "1828"]
[PlyCount "43"]
[EventDate "2004.01.14"]
[EventType "swiss"]
[EventRounds "11"]
[EventCountry "AUS"]

1. e4 c5 2. Nf3 d6 3. d4 cxd4 4. Nxd4 Nf6 5. Nc3 g6 6. Bg5 Bg7 7. Bb5+ Bd7 8.
Qe2 O-O 9. Bxd7 Qxd7 10. O-O-O Nc6 11. Nxc6 Qxc6 12. f4 Rfe8 13. e5 dxe5 14.
fxe5 Nd7 15. Nd5 Bxe5 16. Bxe7 Qe6 17. Qd3 Nb6 18. Bh4 Rac8 19. Qb3 Nxd5 20.
Rxd5 Rc6 21. Kb1 Rb6 22. Rb5 1/2-1/2

[Event "Aust Junior Open "]
[Site "Perth "]
[Date "2004.01.15"]
[Round "3.4"]
[White "Wongwitchit, Phachara"]
[Black "Huang, Justin"]
[Result "0-1"]
[WhiteElo "1773"]
[BlackElo "1596"]
[PlyCount "80"]
[EventDate "2004.01.14"]
[EventType "swiss"]
[EventRounds "11"]
[EventCountry "AUS"]

1. e4 c6 2. d4 d5 3. exd5 cxd5 4. Nf3 Nc6 5. Bd3 Nf6 6. Bg5 Bg4 7. c3 e6 8.
Nbd2 Be7 9. O-O O-O 10. Qc2 h6 11. Bh4 Rc8 12. a3 Ne8 13. Bxe7 Qxe7 14. h3 Bxf3
15. Nxf3 Nd6 16. Rae1 Na5 17. Ne5 Nac4 18. f4 Nxe5 19. Rxe5 b5 20. f5 Nc4 21.
Bxc4 bxc4 22. f6 gxf6 23. Rh5 Kg7 24. Qf2 f5 25. Qf4 Qf6 26. Rf3 Rg8 27. Kh1
Kh7 28. g4 Qg6 29. Rh4 Qg5 30. Qxg5 Rxg5 31. gxf5 Rxf5 32. Rxf5 exf5 33. Rf4
Kg6 34. Kg2 Re8 35. Rf2 Re3 36. h4 h5 37. Kf1 Re4 38. Rg2+ Kf6 39. Rg8 Rxh4 40.
Rd8 Ke6 {...} 0-1

[Event "Aust Junior Open "]
[Site "Perth "]
[Date "2004.01.15"]
[Round "3.5"]
[White "Hu, Jason"]
[Black "Lattimore, Tor"]
[Result "1/2-1/2"]
[WhiteElo "1590"]
[BlackElo "1765"]
[PlyCount "20"]
[EventDate "2004.01.14"]
[EventType "swiss"]
[EventRounds "11"]
[EventCountry "AUS"]

1. c4 c5 2. Nf3 g6 3. e3 Bg7 4. d4 Nf6 5. Be2 O-O 6. O-O cxd4 7. exd4 d5 8. Nc3
Nc6 9. Bf4 dxc4 10. d5 Na5 1/2-1/2

[Event "Aust Junior Open "]
[Site "Perth "]
[Date "2004.01.15"]
[Round "3.6"]
[White "Oliver, Shannon"]
[Black "Lugo, Ruperto"]
[Result "1/2-1/2"]
[WhiteElo "1580"]
[BlackElo "1697"]
[PlyCount "67"]
[EventDate "2004.01.14"]
[EventType "swiss"]
[EventRounds "11"]
[EventCountry "AUS"]

1. e4 d6 2. d4 Nf6 3. Nc3 g6 4. Be3 c6 5. Qd2 b5 6. f3 Nbd7 7. Nge2 a5 8. O-O-O
Ba6 9. Ng3 h5 10. h4 Bg7 11. Be2 b4 12. Nb1 Bxe2 13. Nxe2 Qb8 14. Qd3 Qb7 15.
Rdg1 Rc8 16. g4 c5 17. g5 Nh7 18. Nd2 a4 19. f4 Qc7 20. Qc4 cxd4 21. Qxc7 Rxc7
22. Bxd4 Bxd4 23. Nxd4 Nc5 24. Kb1 Nf8 25. Rh3 Nfe6 26. Nxe6 Nxe6 27. Rf1 Kd7
28. f5 Nd4 29. c3 bxc3 30. Rxc3 Rxc3 31. bxc3 Rb8+ 32. Kc1 Ne2+ 33. Kc2 Rc8 34.
c4 1/2-1/2

[Event "Aust Junior Open "]
[Site "Perth "]
[Date "2004.01.15"]
[Round "3.7"]
[White "Obst, James"]
[Black "Oliver, Gareth"]
[Result "0-1"]
[WhiteElo "1539"]
[BlackElo "1844"]
[PlyCount "80"]
[EventDate "2004.01.14"]
[EventType "swiss"]
[EventRounds "11"]
[EventCountry "AUS"]

1. e4 e6 2. d3 c5 3. Nf3 Nc6 4. g3 Nge7 5. Bg2 g6 6. O-O Bg7 7. Nbd2 O-O 8. Ne1
d6 9. f4 Rb8 10. h4 d5 11. g4 f5 12. exf5 exf5 13. g5 b5 14. Ndf3 d4 15. h5 Bb7
16. Nh4 Re8 17. c4 bxc4 18. Qa4 Na5 19. dxc4 Bxg2 20. Nhxg2 Rb4 21. Qa3 Nxc4
22. Qxa7 d3 23. a3 Rb8 24. Qa6 Qd4+ 25. Be3 Nxe3 26. Qe6+ Kf8 27. Nf3 Qxb2 28.
Qxe3 d2 29. Rad1 Rb3 30. Qe6 Bd4+ 31. Kh2 Qxa3 32. Ngh4 Re3 33. Qd6 Re2+ 34.
Kg3 Kf7 35. Rb1 Qd3 36. hxg6+ hxg6 37. Rb7 Re6 38. Qd5 Bf2+ 39. Kxf2 Qxd5 40.
Ne5+ Rxe5 0-1

[Event "Aust Junior Open "]
[Site "Perth "]
[Date "2004.01.15"]
[Round "3.8"]
[White "Stojic, Svetozar"]
[Black "Yu, Michael"]
[Result "0-1"]
[WhiteElo "1700"]
[BlackElo "1736"]
[PlyCount "131"]
[EventDate "2004.01.14"]
[EventType "swiss"]
[EventRounds "11"]
[EventCountry "AUS"]

1. e4 Nf6 2. e5 Nd5 3. d4 d6 4. c4 Nb6 5. f4 dxe5 6. fxe5 Nc6 7. Be3 Bf5 8. Nc3
e6 9. Nf3 Bb4 10. a3 Bxc3+ 11. bxc3 O-O 12. Bd3 Bxd3 13. Qxd3 Na5 14. Ng5 g6
15. Ne4 f5 16. exf6 Naxc4 17. Bh6 Rf7 18. O-O Nd6 19. Bg7 Nxe4 20. Qxe4 Qd5 21.
Qh4 Nc4 22. Rf3 Nd6 23. Rh3 h5 24. g4 Ne8 25. gxh5 gxh5 26. Qxh5 Qxh5 27. Rxh5
Nxg7 28. fxg7 Rxg7+ 29. Kf2 Rd8 30. Ke3 Kf7 31. Rf1+ Ke7 32. Kd3 Rd6 33. Re1
Kd7 34. Ra5 a6 35. Rae5 Rh7 36. R1e2 Rh3+ 37. R5e3 Rh5 38. Re5 Rh3+ 39. R5e3
Rh6 40. Rg3 c5 41. Rg1 Rh3+ 42. Kc4 b5+ 43. Kxc5 Rxc3+ 44. Kb4 Rc4+ 45. Kb3
Rdxd4 46. Rg7+ Kd6 47. Rg6 Re4 48. Rxe4 Rxe4 49. Rh6 Rc4 50. h4 Rc8 51. Kb4 Kd5
52. Ka5 Ra8 53. Kb6 e5 54. Kb7 Rd8 55. Kxa6 e4 56. Rg6 e3 57. Rg1 Kc4 58. Rc1+
Kb3 59. h5 Kxa3 60. h6 b4 61. h7 b3 62. Rc3 e2 63. Rd3 Rxd3 64. h8=Q e1=Q 65.
Qf8+ Ka2 66. Qf7 0-1

[Event "Aust Junior Open "]
[Site "Perth "]
[Date "2004.01.15"]
[Round "3.9"]
[White "Neeman, Jeremy"]
[Black "Guo Yuthok, Sherab"]
[Result "1-0"]
[WhiteElo "1548"]
[BlackElo "1482"]
[PlyCount "65"]
[EventDate "2004.01.14"]
[EventType "swiss"]
[EventRounds "11"]
[EventCountry "AUS"]

1. e4 e5 2. Nc3 Nf6 3. f4 d5 4. fxe5 Nxe4 5. d3 Qh4+ 6. g3 Nxg3 7. Nf3 Qh5 8.
Nxd5 Bg4 9. Bg2 Bxf3 10. Qxf3 Qxe5+ 11. Qe3 Qxe3+ 12. Bxe3 Nxh1 13. Nxc7+ Kd7
14. Nxa8 Nc6 15. Bxh1 Bd6 16. Bxc6+ Kxc6 17. Bxa7 Rxa8 18. Bd4 Re8+ 19. Kf2 g6
20. h3 Bf4 21. b3 Kd5 22. Bb2 Be3+ 23. Kf3 Bd4 24. c4+ Kc5 25. b4+ Kxb4 26.
Bxd4 Rd8 27. Ke3 Re8+ 28. Kd2 f5 29. Rb1+ Ka3 30. Rxb7 Kxa2 31. Be3 h6 32. Kc2
Ka3 33. Bc5+ 1-0